Composants Électroniques

Gardado en:
Detalles Bibliográficos
Autor Corporativo: Ministere de l'industrie et de la Recherche
Formato: Libro
Idioma:Undetermined
Publicado: Paris La Documentation Francaise 1976
Những chủ đề:
Các nhãn: Engadir etiqueta
Sen Etiquetas, Sexa o primeiro en etiquetar este rexistro!
Thư viện lưu trữ: Trung tâm Học liệu Trường Đại học Cần Thơ
LEADER 00568nam a2200193Ia 4500
001 CTU_83584
008 210402s9999 xx 000 0 und d
082 |a 338.4 
082 |b M665 
110 |a Ministere de l'industrie et de la Recherche 
245 0 |a Composants Électroniques 
245 0 |c Ministere de l'industrie et de la Recherche 
260 |a Paris 
260 |b La Documentation Francaise 
260 |c 1976 
650 |a Electronic industries 
650 |z France 
904 |i QHieu(sửa) 
980 |a Trung tâm Học liệu Trường Đại học Cần Thơ